| 000 | 00752nam a2200253Ia 4500 | ||
|---|---|---|---|
| 003 | OSt | ||
| 005 | 20221005085510.0 | ||
| 006 | a|||||r|||| 00| 0 | ||
| 007 | ta | ||
| 008 | 221004b |||||||| |||| 00| 0 eng d | ||
| 020 |
_a0399151788 (hbk) _c1295 |
||
| 024 | _a89800 | ||
| 037 |
_b128, 07/11/2007, Prachi Book Distributors _cTextual |
||
| 040 |
_aCRL _cCRL _beng |
||
| 041 |
_2eng _aeng |
||
| 082 | _aO111,3N29,1, P4 | ||
| 100 |
_aHiggins Jack _9614271 |
||
| 245 | 0 | _aDark justices | |
| 260 |
_aNew York _bG.P.Putnam's Sons USA _c2004 |
||
| 300 |
_a276p. _ccm. |
||
| 650 | _aENGLISH LITERATURE | ||
| 942 |
_hO111,3N29,1, P4 _cTEXL _2cc |
||
| 999 |
_c994336 _d994336 |
||